000 00369nam a2200145Ia 4500
999 _c14199
_d14199
003 OSt
005 20260326194201.0
008 260210s9999 xx 000 0 und d
020 _a9789881296740
082 _a720.47 CAL
100 _aVincent Callebaut (Editor)
245 0 _aFertile Cities Vincent Callebaut Architecture,Paris
260 _bDMPL
942 _cBPLAN
_2ddc